000 00683nam a2200229Ia 4500
005 20221019121244.0
008 131103s9999 xx 000 0 und d
020 _a8175541385
_cRs. 195
040 _aLoreto College
041 _aEnglish
082 _a153.94
_bBAR
100 _aBarrett, Jim
245 _aTest Yourself
_b Test your Aptitude, Personality and Motivation and Plan your Career
_cJim Barrett
260 _aNew Delhi
_bKogan Page India Private Limited
_c2002
300 _a254p
_bill,diagrams, charts, tables
630 _aCareer Plans
630 _aMotivation Tests
650 _aAptitude Test
651 _aPersonality Test
850 _aLCLIB
942 _cBK
999 _c2608
_d53087